| 000 | 00000nam##2200000za#4500 |
| 001 | 9.699278 |
| 003 | CaOODSP |
| 005 | 20210625000316 |
| 007 | cr ||||||||||| |
| 008 | 150407|2000||||xxc|||||o f|0| 0 eng|d |
| 040 | |aCaOODSP|beng |
| 043 | |an-cn--- |
| 086 | 1 |aEn40-600/2000E-PDF |
| 110 | 1 |aCanada. |bEnvironmental Conservation Service. |
| 245 | 10|aEcological assessment of the Boreal Shield ecozone / |h[electronic resource]|cedited by Natty Urquizo, Jamie Bastedo, Tom Brydges and Harvey Shear ; issued by the Indicators and Assessment Office. |
| 260 | |aOttawa - Ontario : |bEnvironment Canada. |cc2000. |
| 300 | |a90p.|bcoloured figs., coloured maps, graphs, references, tables, photographs |
| 500 | |aThe catalogue number (En40-600/2000E) and ISBN (0-662-28679-0) for the print edition have been copied in this electronic publication. |
| 590 | |a14-21-Supp|b2014-12-11 |
| 690 | 07|aBoreal ecosystems|2gcpds |
| 690 | 07|aEnvironmental management|2gcpds |
| 690 | 07|aEnvironmental indicators|2gcpds |
| 775 | 08|tÉvaluation écologique de l'écozone du bouclier boréal / |w(CaOODSP)9.643253 |
| 856 | 40|ahttp://publications.gc.ca|qPDF|s1.25 MB|uhttps://publications.gc.ca/collections/collection_2014/ec/En40-600-2000-eng.pdf |